000 00611nam a2200193 a 4500
003 SISC
005 20160610152224.0
008 110822s19uu xx 00 eng d
020 _a9780230230774
050 _aHD 2741
_b.Ar74 2009
100 _aArguden, Yilmaz.
245 _aBoardroom secrets :
_bCorporate governance for quality of life /
_cYilmaz Arguden.
260 _aEngland :
_bPalgrave Macmillan,
_c2009.
300 _a147 pages :
_billustrations ;
_c24 cm.
500 _aIncludes bibliographical references and index.
650 _aCorporate governance.
942 _cBK
_2lcc
_kFOR
999 _c24647
_d24647